Lịch sử quan hệ quốc tế và phong trào giải phóng dân tộc Á - Phi - Mỹ La-tinh(Từ năm 1918 đến năm 1995) : Giáo trình đào tạo Gv THCS hệ Cao đẳng sư phạm /
Spremljeno u:
| Glavni autor: | |
|---|---|
| Daljnji autori: | , |
| Format: | Sách giấy |
| Jezik: | Vietnamese |
| Izdano: |
Hà Nội :
Giáo dục ,
1998
|
| Oznake: |
Dodaj oznaku
Bez oznaka, Budi prvi tko označuje ovaj zapis!
|
| Thư viện lưu trữ: | Thư viện Trường Đại học Đà Lạt |
|---|
| LEADER | 00852nam a2200277 4500 | ||
|---|---|---|---|
| 001 | DLU020013716 | ||
| 005 | ##6/19/2000 | ||
| 020 | # | # | |a 978- |
| 041 | # | # | |a vie |
| 082 | # | # | |a 327 |b NG-T |
| 090 | # | # | |a 327 |b NG-T |
| 100 | # | # | |a Nguyễn Anh Thái |
| 245 | # | # | |a Lịch sử quan hệ quốc tế và phong trào giải phóng dân tộc Á - Phi - Mỹ La-tinh(Từ năm 1918 đến năm 1995) : |b Giáo trình đào tạo Gv THCS hệ Cao đẳng sư phạm / |c Nguyễn Anh Thái, Vũ Ngọc Oanh, Đặng Thanh Toán |
| 260 | # | # | |a Hà Nội : |b Giáo dục , |c 1998 |
| 300 | # | # | |a 120 tr.; |c 24 cm. |
| 700 | # | # | |a Đặng Thanh Toán |
| 700 | # | # | |a Vũ Ngọc Oanh |
| 992 | # | # | |a 6500 |
| 994 | # | # | |a DLU |
| 900 | # | # | |a False |
| 911 | # | # | |a Administrator |
| 925 | # | # | |a G |
| 926 | # | # | |a A |
| 927 | # | # | |a SH |
| 980 | # | # | |a Thư viện Trường Đại học Đà Lạt |